000 00600nam a2200205 a 4500
999 _c517
_d517
008 190090r20042013ii a|||gr|||| 001 0 eng|d
020 _a97881224155223
_cRs. 200.00
040 _aKO
041 0 _aeng
044 _aii
082 0 4 _a001.42
_bK8486
100 1 _aKothari, C. R.
245 1 0 _aResearch Methodology: methods and techniques /
_cC. R. Kothari
250 _a2nd rev. ed.
260 _aNew Delhi :
_bNew Age International Publishers,
_c2004, reprinted 2013
300 _axiv, 401 p. :
_bcol. ill. ;
_c24 cm.
650 0 _aResearch
_xMethodology
_vTextbooks
942 _cBK